| 000 | 01103nam a2200301 a 4500 | ||
|---|---|---|---|
| 001 | 000114564 | ||
| 003 | CHAP | ||
| 005 | 20220329144446.0 | ||
| 008 | 180305s2017 mx |sm |||||||spa d | ||
| 010 | _a111025 | ||
| 011 | _a111997 | ||
| 040 | _cCHAP | ||
| 090 | _aTesis | ||
| 100 | 1 |
_aRicardo Montejo, Alvaro _9134691 |
|
| 245 | 1 | 0 |
_aAnálisis del comportamiento y competitividad de la producción y comercio del aguacate en los principales países productores _h[En línea] _cpor Alvaro Ricardo Montejo. |
| 260 |
_aChapingo, Méx. : _bEl autor, _c2017. |
||
| 500 | _aPara ver el contenido del material haga clic en la liga | ||
| 502 | _aTesis (Licenciado en Economía) -- UACH. Division de Ciencias Económico Administrativas | ||
| 590 |
_aE6337LMJ _b05 _c20180305 _lUCH01 _h1120 |
||
| 590 |
_aE6337LMJ _b05 _c20180305 _lUCH01 _h1120 |
||
| 650 | 1 | 4 |
_aAguacate _xMercadeo. _92534 |
| 650 | 1 | 4 |
_aAguacate _xPrecios. _92548 |
| 650 | 1 | 4 |
_aAguacate _xProducción. _9134692 |
| 856 |
_aFinding aid _uhttp://10.13.5.2/tesis/sist114564.pdf _zTeclea aquí |
||
| 901 | _aBK | ||
| 942 | _cTESIS | ||
| 942 | _n0 | ||
| 999 |
_c111025 _d111025 |
||